Centros y periferias en la circulación internacional del conocimiento /
Guardado en:
| Autor principal: | |
|---|---|
| Formato: | Texto |
| Etiquetas: |
Agregar Etiqueta
Sin Etiquetas, Sea el primero en etiquetar este registro!
|
MARC
| LEADER | 00000 a a2200000 04500 | ||
|---|---|---|---|
| 001 | 45741 | ||
| 003 | |||
| 040 | |||
| 100 | |a Beigel, Fernanda | ||
| 245 | |a Centros y periferias en la circulación internacional del conocimiento / |c Fernanda Beigel | ||
| 773 | |g número245 ( , 2013), págianas 110-123: tablas, gráficos | ||
| 999 | |c 26085 |d 26085 | ||
